| Tag |
First Indicator |
Second Indicator |
Subfields |
| LEADER |
00000cam a2200000 a 4500 |
| 001 |
in00002007367 |
| 005 |
20151031141615.0 |
| 008 |
900123s1990 ru a b 000 0 ruso |
| 010 |
|
|
|a 90107822
|
| 020 |
|
|
|a 5265014578
|
| 035 |
|
|
|a (OCoLC)ocm25406557
|
| 040 |
|
|
|a DLC
|c DLC
|d OCLCQ
|d TXA
|d UtOrBLW
|
| 043 |
|
|
|a e-ru---
|
| 049 |
|
|
|a TXAM
|
| 050 |
0 |
0 |
|a DK510.32
|b .R864 1990
|
| 245 |
0 |
0 |
|a Rusʹ mnogolikai︠a︡ :
|b dumy o nat︠s︡ionalʹnom /
|c [sostavitelʹ D.N. Merkulov].
|
| 264 |
|
1 |
|a Moskva :
|b Sov. pisatelʹ,
|c 1990.
|
| 300 |
|
|
|a 365 pages :
|b illustrations (some color) ;
|c 25 cm.
|
| 336 |
|
|
|a text
|b txt
|2 rdacontent
|
| 337 |
|
|
|a unmediated
|b n
|2 rdamedia
|
| 338 |
|
|
|a volume
|b nc
|2 rdacarrier
|
| 504 |
|
|
|a Includes bibliographical references.
|
| 651 |
|
0 |
|a Russia (Federation)
|x Civilization.
|
| 650 |
|
0 |
|a Nationalism
|z Russia (Federation)
|
| 651 |
|
0 |
|a Russia (Federation)
|x Ethnic relations.
|
| 650 |
|
0 |
|a National characteristics, Russian.
|
| 700 |
1 |
|
|a Merkulov, D. N.
|q (Dmitriĭ Nikolaevich)
|
| 948 |
|
|
|a cataloged
|b h
|c 2004/11/15
|d c
|e tchubaryan
|f 12:02:31 pm
|
| 994 |
|
|
|a E0
|b TXA
|
| 999 |
|
|
|a MARS
|
| 999 |
f |
f |
|s e1a443c7-3d6c-3644-8a03-8767735f2700
|i 8b95a19a-3c87-3911-b293-0a2618a978f5
|t 0
|
| 952 |
f |
f |
|p ric
|a Texas A&M University
|b Rellis Campus
|c Joint Library Facility
|d Remote Storage
|t 0
|e DK510.32 .R864 1990
|h Library of Congress classification
|i unmediated -- volume
|m A14831634847
|
| 998 |
f |
f |
|a DK510.32 .R864 1990
|t 0
|l Remote Storage
|